000 00784cam a2200205 4500
001 WS106799
008 000000n 000 0 eng u
035 _a(Sirsi) u106799
110 _aUnited Kingdom
_bHM Treasury
245 _aHM Treasury
520 _aGood web page giving press releases since 1994, statements and speeches by the Chancellor, treasury initiatives including the Private Finance Initiative and a good overview of the UK economy. Also links to Budget pages back to 1994.
650 _aBUDGETS
650 _aECONOMY
650 _aSTATISTICS
650 _aGOVERNMENT
650 _aPRIVATE FINANCE INITIATIVE
690 _aECONOMIC ISSUES
856 4 0 _uhttps://www.hm-treasury.gov.uk
_zView the website free of charge at www.hm-treasury.gov.uk...
942 _n0
999 _c119531
_d119531